[Event "Reykjavik zt"]
[Site "Reykjavik"]
[Date "1995.??.??"]
[Round "10"]
[White "Ernst, Thomas"]
[Black "Stefansson, Hannes"]
[Result "1-0"]
[WhiteElo "2465"]
[BlackElo "2530"]
[Annotator "Ernst,T"]
[PlyCount "94"]
[EventDate "1995.03.??"]
[EventType "swiss"]
[EventRounds "11"]
[EventCountry "ISL"]
[SourceTitle "CBM 047"]
[Source "ChessBase"]
[SourceDate "1995.08.01"]
[SourceVersion "1"]
[SourceVersionDate "1995.08.01"]
[SourceQuality "1"]

1. e4 c5 2. Nf3 d6 3. d4 cxd4 4. Nxd4 Nf6 5. Nc3 Nc6 6. Bg5 e6 7. Qd2 a6 8.
O-O-O h6 9. Bf4 {Samma problem som i Marshall. Ingen fördel för vit.} Bd7 10.
Nxc6 Bxc6 11. f3 d5 12. Qe1 Bb4 13. a3 Ba5 14. exd5 Nxd5 15. b4 Nxf4 16. Rxd8+
Bxd8 17. h4 O-O 18. Qe3 (18. Rh2 $6 Bc7 $1) 18... Bc7 19. Kb1 Rfd8 20. g4 {[#]}
(20. Rg1 Bb8 $1 21. Rh1 Bc7 $10) 20... Rd7 $146 (20... Rd6 {Ernst,T-Degerman,L/
Sweden(ch)/1994/}) 21. Be2 (21. Bc4 Rad8) (21. b5 $2 axb5 22. Nxb5 Nd5 $40)
21... Rad8 22. Rd1 Nxe2 23. Qxe2 Rxd1+ 24. Nxd1 Rd4 $1 (24... Bg3 25. h5 $14 {
/\ 26.Nc3-e4}) 25. Nf2 {[#]} (25. Ne3 $2 Rf4 {><f3}) (25. Nc3 h5 $1) 25... Rf4
(25... Bg3 $1 26. Ne4 $1 (26. h5 $2 Bxf2 27. Qxf2 Rf4 $17) 26... Bxh4 27. Qh2
Be7 28. Qb8+ Rd8 29. Qe5 $1 (29. Qc7 Rd7 30. Qb8+ Kh7 31. Qe5 Bd5 $15 {/\ 32..
f6,33..e5} 32. g5 $2 hxg5 33. Nxg5+ Bxg5 34. Qxg5 Bxf3 $17) 29... Rd5 30. Qb8+
Kh7 (30... Rd8 $10) 31. c4 Rd4 32. Qf4 $1 Kg8 33. Qb8+ Kh7 34. Qf4 $10) 26. Ne4
h5 27. Ng5 (27. Nd2 $2 hxg4 28. fxg4 e5 $15) 27... Bd5 $6 (27... hxg4 28. fxg4
e5 (28... Bd8 {/\ 29..Bf6} 29. Nxe6 fxe6 (29... Re4 30. Qd2 (30. Qxe4 $4 Bxe4
31. Nxd8 Kf8 $19) 30... Bxh4 31. Ng5 $1 $10) 30. Qxe6+ Kh8 (30... Kh7 $2 31.
Qd6 Rf1+ 32. Ka2 $19) 31. g5 Rxh4 32. Qf5 Rh1+ (32... Rd4 33. Qf8+ Kh7 34. Qf5+
$10) 33. Kb2 $44) 29. Nh3 Re4 (29... Rf3 30. Ng5 Rf4 $10 (30... Rxa3 $2 31. Qc4
$18)) (29... Rf6 30. Ng5 e4 31. c4) 30. Qd1 Rd4 (30... f6 31. Nf2 Re3 32. g5
$13) 31. Qe2 f6 (31... e4 $13 32. Ng5 Bf4 33. c3 Rd2 34. Qc4 Bxg5 (34... Rd1+
35. Kc2 Ba4+ 36. Kb2) 35. hxg5 g6 36. Qc5 Rd8 37. Kc1 Re8 38. Kd2 e3+ 39. Ke1
e2) 32. Nf2 $10) 28. Qe3 $1 {>< Kg8. /\ 29.Qc5} (28. Qd3) 28... b6 $2 (28...
hxg4 $2 29. Qc5 $18) (28... Bd6 29. Qb6 Bf8 30. Qc7 Rf6 31. gxh5 $16) (28... f6
$1 29. Nxe6 Rxf3 30. Qc5 Bxe6 (30... Be5 31. Nd4) 31. Qxc7 hxg4 32. Qb8+ $1 Kh7
(32... Kf7 33. Qxb7+ Kg6 34. Qxa6 Bf5 35. Qa8 Rc3 36. b5 Rxc2 37. Qe8+ Kh6 38.
Qh8+ Bh7 39. Qxh7+ Kxh7 40. Kxc2 g3 41. b6 g2 42. b7 g1=Q 43. b8=Q $17) 33. Qe8
$1 $10) 29. Qd3 $18 Kf8 (29... hxg4 30. Qxa6 Bd6 $8 31. Qxb6 Bf8 32. Qc7 $18)
30. Qxa6 Ke7 31. Qa7 Kd7 32. gxh5 f6 33. Ne4 Rxf3 34. Nd2 Rf2 35. Nb3 (35. Kc1
{/\ 36.c4} Kc8 {/\ >< _|_ /^ c1-h6} 36. c4 Bb7 $13) 35... e5 {[#]} 36. Qa4+ $2
(36. a4 $1 e4 37. a5 $18) 36... Kd8 (36... Kc8 $2 37. Qe8+ Kb7 38. Qb5) 37. Nc1
f5 $2 (37... e4 $1 38. Qb5 Rd2 $1 (38... Rf5 39. c4 Be6 40. Qc6 $18) (38... Bb7
39. a4 $18 {/\ 40.a5}) 39. a4 (39. Nd3 Bb7) 39... e3 40. a5 bxa5 41. bxa5 Be4
$13) 38. Nd3 $18 Rf1+ (38... Re2 $142) 39. Kb2 Bc4 40. Qc6 Bxd3 41. cxd3 e4 42.
dxe4 f4 43. Qd5+ Kc8 44. e5 Kb8 45. e6 Re1 46. Qd7 Be5+ 47. Kb3 Bf6 (47... Bf6
48. h6) 1-0

[Event "Winterthur"]
[Site "Winterthur"]
[Date "1996.??.??"]
[Round "6"]
[White "Forster, Richard"]
[Black "Gallagher, Joseph G"]
[Result "1-0"]
[WhiteElo "2320"]
[BlackElo "2530"]
[Annotator "Forster,R"]
[PlyCount "77"]
[EventDate "1996.09.??"]
[EventType "tourn"]
[EventRounds "11"]
[EventCountry "SUI"]
[EventCategory "9"]
[SourceTitle "CBM 055"]
[Source "ChessBase"]
[SourceDate "1996.12.01"]
[SourceVersion "1"]
[SourceVersionDate "1996.12.01"]
[SourceQuality "1"]

1. e4 {Baburin} c5 2. Nf3 d6 3. d4 cxd4 4. Nxd4 Nf6 5. Nc3 a6 6. Bg5 Nc6 7. Qd2
e6 8. O-O-O Bd7 9. f3 $5 {Da Joe Gallagher in "Beating the Sicilian 3" 9. f4
empfiehlt, wollte ich ihn so früh als möglich auf weniger erforschtes Terrain
führen.} h6 10. Be3 Nxd4 $5 {Üblicher ist 10...b5.} 11. Bxd4 b5 12. Kb1 b4 {
Flexibler ist 12...Da5, und erst später ...b4 nebst ...e5 und ...Le6. 13.
Sd5!? Dxd2 14.Sxf6+ gxf6 15.Txd2 Ke7!? braucht Schwarz überhaupt nicht zu
befüchten.} (12... Qa5 $5 {Baburin}) 13. Ne2 e5 14. Be3 Rb8 {Möglich ist auch
14...a5, was aber in einigen Varianten dem Weissen ein unangenehmes
Läuferschach auf b5 ermöglicht. [#]} 15. c4 $5 {Da ich in einer ähnlichen
Stellung bereits mit diesem überraschenden Zug erfolgreich war (gegen Hübner
1994), fiel mir der Entscheid diesmal leicht. Schwarz drohte mit 15...Le6 und .
..d5 zu gutem Spiel zu kommen, was durch den Textzug rigoros verhindert wird.
Schlägt Schwarz en passant mit 15...bxc3 16.Sxc3 so steht der weisse Springer
sehr gut auf c3. Da Schwarz am Königsflügel noch unterentwickelt ist und auch
wegen der Schwäche seines a-Bauern im Endspiel schlecht steht, hat Weiss dann
einen deutlichen Vorteil.} Qc7 $6 {Ein lauer Zug. Richtig ist sofort 15...Le6,
wonach Weiss die Wahl zwischen dem spkulativen Bauernopfer 16.g4!? Lxc4 17.Sg3
und dem soliden 16.Tc1 hat.} (15... Be6) (15... bxc3 16. Nxc3) 16. g4 $1 Be6 {
Schlägt Schwarz den Bauern, so erhält Weiss nach 16...Dxc4 17.Sd4!? Dc7 18.Tc1
Db7 (18...Dd8 19.Sc6) 19.Sf5 Lxf5 20.gxf5 hervorragendes Spiel auf allen
Brettabschnitten.} 17. Ng3 {+/- Baburin: White has prevented Black's play in
the centre, related to ...d5, while he has all options open on the kingside.}
g6 {Nicht 17...Lxc4?? 18.Tc1.} 18. g5 $6 {Nicht das Beste. Nach 18.h4 ist
Weiss spürbar im Vorteil (18...Sd7 19.Sf5!).} (18. h4 $5) 18... hxg5 19. Bxg5
Nd7 $2 {Schwarz will zuviel. Nach 19...Sh5 20.Sxh5 Txh5 21.Le2 Dc6! hat er
gute Chancen, das Spiel auszugleichen.} (19... Nh5 $142) 20. h4 f6 $6 {In der
Praxis aussichtsreicher war wohl die "Mad Attack"} (20... Nc5 21. h5 Na4 {
(droht Sc3+)} 22. Ka1 Qa5 {mit der Drohung 23...Sc3 24.bxc3 bxc3 nebst 25...Tb2
} 23. Rc1 Nc5 24. Qe3 b3 25. a3 d5 $5 26. exd5 (26. cxd5 Nxe4 $5 27. Qa7 Qxa3+
$5 28. bxa3 b2+ 29. Kb1 (29. Ka2 $2 Nc3+ $3) 29... bxc1=Q+ 30. Kxc1 Bxa3+ 31.
Kd1 Rb1+ {mit Gegenspiel}) 26... Nd3 $5 27. Qa7 $1 Qxa3+ (27... Bxa3 28. Qxb8+
Kd7 29. Qb7+ Ke8 30. Qa8+ $1 Kd7 31. Qc6#) 28. bxa3 b2+ 29. Ka2 bxc1=N+ (29...
Nxc1+ 30. Kb1) 30. Bxc1 Nxc1+ 31. Ka1 Nb3+ 32. Kb2 {und Weiss hat den Angriff
überstanden.}) (20... Nc5 $142 $132 {Baburin}) 21. Be3 Nc5 {Nach 21...f5 22.
f4! gerät der schwarze Monarch bald in eine vernichtende Attacke.} 22. h5 {
Nach 22...g5 gibt neben dem Bauernopfer 23.Lh3!? auch das einfache 23.Tc1
klaren Vorteil für Weiss.} gxh5 23. Nxh5 Qf7 24. Qh2 $1 (24. Bxc5 Rxh5 $1 (
24... dxc5 $2 {ergäbe die Partie!)}) 25. Rxh5 Qxh5 26. Bxd6 Rd8 {wäre dagegen
alles andere als klar.}) 24... Ke7 {Nach} (24... Rg8 {kann Weiss u.a. mit} 25.
Bxc5 dxc5 26. Bh3 Qxh5 27. Bxe6 Qxh2 28. Rxh2 {ein gewonnenes Endspiel
herbeiführen.}) 25. Bxc5 $1 dxc5 26. Qd2 Ke8 {Damit hat Weiss die im 24. Zug
angetönte Stellung erreicht, ohne dass Schwarz den Sh5 tauschen konnte. [#]} (
26... Qe8 27. Nxf6 $1) 27. Bh3 $1 {Der Gewinnzug. Nach dem Läufertausch
dominiert der Springer die schwarze Stellung. 27...Dxh5 oder 27...Txh5
verlieren sofort nach 28.Lxe6. [#]The winning idea - White exhanges the
light-squared bishops, leaving Black with the weakened light squares and the
useless dark-squared bishop. White knight can be re-deployed to f5; at the
moment Black cannot get rid of it, as 27...Rxh5 or 27...Qxh5 loses on the spot
to 28 Bxe6.} Bxh3 28. Rxh3 Be7 29. Qd7+ Kf8 30. Qf5 Rd8 {Auf der Stelle
verliert} (30... Qxc4 31. Nxf6 Rxh3 32. Nd5+ $1) 31. Rd5 (31. Rg1 $6 Qxc4 {
ist nun nicht mehr klar, da Schwarz 32...Dd3+ droht.}) 31... Qg8 32. Ng3 $2 {
Die Vereinfachung kommt Schwarz entgegen. Viel stärker war} (32. Rh1 $1 {, da}
Qg2 {an} 33. Rxd8+ Bxd8 34. Rd1 Be7 35. Qc8+ {scheitert.}) 32... Rxh3 33. Qxh3
Kf7 34. Kc2 $5 Qg6 $4 {In schwerer Zeitnot stellt Schwarz eine Figur ein. Mit}
(34... Qh8 {konnte er immer noch ums Remis kämpfen.}) 35. Rxd8 Bxd8 36. Qd7+
Be7 37. Nf5 Qg2+ 38. Kb3 Qxf3+ 39. Ka4 1-0

[Event "HUN-ch"]
[Site "Budapest"]
[Date "1995.??.??"]
[Round "1"]
[White "Polgar, Sofia"]
[Black "Groszpeter, Attila"]
[Result "0-1"]
[WhiteElo "2500"]
[BlackElo "2520"]
[Annotator "Ftacnik,L"]
[PlyCount "106"]
[EventDate "1995.01.??"]
[EventType "tourn"]
[EventRounds "11"]
[EventCountry "HUN"]
[EventCategory "10"]
[SourceTitle "CBM 046"]
[Source "ChessBase"]
[SourceDate "1995.06.01"]
[SourceVersion "1"]
[SourceVersionDate "1995.06.01"]
[SourceQuality "1"]

1. e4 c5 2. Nf3 d6 3. d4 cxd4 4. Nxd4 Nf6 5. Nc3 Nc6 6. Bg5 e6 7. Qd2 a6 8.
O-O-O h6 9. Be3 Be7 10. f4 Bd7 11. Kb1 b5 12. Bd3 O-O 13. g4 $5 (13. Rhf1)
13... Nxg4 14. Rhg1 Nxe3 15. Qxe3 Kh8 16. e5 Nxd4 17. Qxd4 Bc6 18. Qe3 (18. f5
dxe5 19. Qg4 Bf6 20. fxe6 Qe7 21. exf7 Qxf7 22. Qf5 Qg8 23. Ne4 Rad8 24. Nxf6
Rxf6 25. Qxe5 $10 {Polgar,J-Salov,V/Madrid (09)/1994/}) 18... Rg8 19. Ne4 (19.
exd6 Bxd6 20. Ne4 $15) 19... Bxe4 20. Qxe4 g6 21. Qe3 (21. Rg3 Qf8 $1 (21...
dxe5 22. Qxe5+ (22. fxe5 Bg5 23. Rf1 Ra7 $15) 22... Bf6 $15)) 21... Qf8 22. Rg3
Rd8 23. Rf1 h5 24. Rgf3 Rg7 25. Qb6 Ra8 26. exd6 Bxd6 27. Be4 Bc5 $1 28. Qc6
Ra7 29. f5 $5 exf5 30. Bxf5 Qd6 $1 (30... gxf5 31. Rxf5 Bd6 32. Rxh5+ Kg8 33.
Qc3 $40) 31. Qe4 Re7 (31... gxf5 32. Rxf5 $40) 32. Qh4 Re3 (32... gxf5 33. Rxf5
Rh7 34. Rxh5 f6 $17) 33. Rxe3 (33. Rf4 $5 $17) 33... Bxe3 34. Bd3 Bd4 $1 {
/\ Qb4} 35. a3 (35. Qe1 f5 $17) 35... f5 $1 36. Qe1 Bf6 37. Qd2 Qe5 38. c4 Kh7
39. cxb5 axb5 40. Qe2 (40. Qb4 Rd7 41. Rf3 Qxh2 $17) 40... Qxe2 41. Bxe2 Rd7 $1
{/\ Rd2} 42. Rd1 (42. Rc1 Rd5 $17) 42... Rxd1+ 43. Bxd1 Be5 44. h3 Kh6 45. Be2
(45. b4 Kg5 46. Be2 Kh4 47. Bxb5 g5 48. Bd7 f4 $19) 45... b4 $1 46. axb4 Kg5
47. Kc2 Kh4 48. Bc4 Kxh3 49. Bf7 Kg4 50. Bxg6 h4 51. Kd3 h3 52. Bf7 f4 53. Ke4
(53. Bd5 f3 $1 54. Ke3 Bd4+ $1 55. Kxd4 h2 $19) 53... h2 0-1

[Event "Hoogovens"]
[Site "Wijk aan Zee"]
[Date "1998.01.17"]
[Round "2"]
[White "Polgar, Judit"]
[Black "Shirov, Alexei"]
[Result "1-0"]
[WhiteElo "2670"]
[BlackElo "2710"]
[Annotator "Ftacnik,L"]
[PlyCount "80"]
[EventDate "1998.01.16"]
[EventType "tourn"]
[EventRounds "13"]
[EventCountry "NED"]
[EventCategory "17"]
[SourceTitle "CBM 063"]
[Source "ChessBase"]
[SourceDate "1998.03.26"]
[SourceVersion "1"]
[SourceVersionDate "1998.03.26"]
[SourceQuality "1"]

1. e4 c5 2. Nf3 d6 3. d4 Nf6 4. Nc3 cxd4 5. Nxd4 Nc6 6. Bg5 e6 7. Qd2 a6 8.
O-O-O Nxd4 9. Qxd4 Be7 10. f4 b5 11. Be2 (11. Bxf6 gxf6 (11... Bxf6 $2 12. e5
dxe5 13. Qc5 $1 Bd7 14. Nxb5 $1 Be7 15. Nc7+ Kf8 16. Qxe5 $18) 12. Be2 (12. Bd3
Qc7 13. Qe3 Qc5 14. Qg3 b4 15. Ne2 a5 16. Kb1 Kf8 17. Qh3 h5 $13 {Kasparov,
G-Kramnik,V/Amsterdam/1996}) (12. f5 Qa5 13. Kb1 b4 14. Ne2 e5 15. Qe3 Bb7 16.
Ng3 d5 17. Bd3 O-O-O 18. Qe2 h5 19. exd5 h4 20. Ne4 Rxd5 $11 {Khalifman,
A-Hracek,Z/Erevan/1996/}) (12. e5 d5 13. Kb1 Rg8 14. Ne2 Bb7 15. Ng3 fxe5 16.
fxe5 Qc7 17. Re1 O-O-O 18. Bd3 h5 $11 {Peng,Xiaomin-Gurevich,D/Groningen op 
(07) 1996 (42)}) (12. Kb1 Qc7 13. Qe3 Qc5 {1/2-1/2 Ivanov,AV-Gulko,B/USA-ch 
(02) 1996}) 12... Qa5 (12... Qc7 13. f5 Qc5 14. Qxc5 (14. fxe6 Qg5+) (14. Qd3
Ra7 15. Bh5 {1/2-1/2 Hracek,Z-Epishin,V/Erevan (06) 1996}) 14... dxc5 15. fxe6
fxe6 16. Bh5+ (16. Rd3 Ra7 17. Bh5+ Kf8 18. Ne2 Rg8 19. g3 c4 $15 {Fishbein,
A-Epishin,V/New York op (05) 1997/1/2-1/2 (70)}) 16... Kf8 17. e5 (17. Rhf1 Ra7
18. e5 f5 19. g4 Kg7 20. Rd3 $6 (20. gxf5 $142 exf5 21. Nd5 Bg5+ 22. Kb1 $11)
20... c4 21. Rh3 Rf8 $15 {Tseitlin,Ma-Epishin,V/St.Petersburg (07) 1997/1/2-1/
2 (65)} (21... Rf8 22. gxf5 Rxf5 23. Rxf5 exf5 24. Rg3+ Kh6 25. Rh3 {Tseitlin,
M-Epishin,V/St.Petersburg 19971/2-1/2 (65)})) 17... f5 18. g4 Ra7 (18... b4 19.
Ne2 (19. Na4 Rb8) 19... Ra7 20. gxf5 exf5 21. Nf4 $1 Bg5 22. Kb1 Bxf4 23. Rd8+
Kg7 24. Rg1+ Bg5 25. Rd6 $1 {1-0 Palac,M-Smirin,I/EU-chTM 1997/ (48)}) 19. gxf5
exf5 20. Nd5 Bg5+ (20... Be6 $5) 21. Kb1 Be6 22. Rhg1 Rg8 23. Nf4 Bxf4 $2 (
23... Bf7 24. Bxf7 Kxf7 25. Rd7+ $1 Rxd7 26. e6+ Kf6 27. exd7 Rd8 28. Rxg5 $1
Kxg5 29. Ne6+ $18) (23... Bc4 $142 $1 $13) 24. Rd8+ Ke7 25. Rdxg8 Bxg8 26. Rg7+
$16 {Short-Yermolinsky/Wijk/1997}) (12... h5 $5) 13. e5 fxe5 14. fxe5 d5 15.
Nxd5 $5 exd5 16. e6 O-O $8 17. Rd3 Bg5+ $2 (17... Bd6 $1 18. e7 Re8 19. Qf6 Qc7
20. Qg5+ Kh8 21. Qf6+ $10) 18. Kb1 Bxe6 (18... fxe6 $6 19. Rg3 h6 20. h4 Qc7
21. Qd3 Rf5 22. hxg5 hxg5 23. Bg4 Rf6 24. Rgh3 $18) 19. Rg3 $2 (19. h4 $1 Qc7
20. hxg5 Bf5 21. Qf6 $1 $18) 19... h6 (19... f6 $6 20. h4 Qc7 21. Qd3 h6 22.
hxg5 hxg5 23. Rh6 $40) 20. h4 Qc7 21. hxg5 $4 (21. Qf2 $1 f6 22. Bd3 $44) (21.
Qd3 $6 Bf5 $1 22. Rxg5+ hxg5 23. Qxf5 Qf4 24. Qxd5 Rad8 25. Qxg5+ Qxg5 26. hxg5
Rd5 $15) 21... Qxg3 22. Rxh6 f6 {0-1 Shirov,A-Kramnik,V/Monaco rapid 1996/ (29)
}) 11... Bb7 (11... O-O 12. Bf3 Bb7 13. Bxf6 gxf6 14. e5 d5 15. f5 Kh8 {
Garcia-Epishin/Linares op 1998/EXP 62}) 12. Bf3 (12. f5 {Polgar} e5 (12... O-O
$142) 13. Qd3 b4 14. Bxf6 bxc3 15. Bxg7 Rg8 16. f6 cxb2+ 17. Kb1 Bxf6 18. Bxf6
Qxf6 19. Rhf1 $16 {Polgar-Kramnik (Wijk aan Zee 1998, Blitz, sp 98/3)}) 12...
Rc8 {>< c4} (12... Qc7 13. Bxf6 (13. e5 dxe5 14. fxe5 Nd5 15. Bxe7 Nxe7 16. Ne4
{1/2-1/2 Smirin,I-Tukmakov,V/EUCup Gr1 1996/}) 13... gxf6 14. f5 (14. Kb1 Qc5
15. Qd2 O-O-O 16. Rhe1 Kb8 $11 {Brodsky,M-Poluljahov,A/MK Cafe Koszalin/1997})
14... Rc8 (14... h5 15. Kb1 Qc5 16. Qd2 O-O-O 17. a3 Kb8 18. Qe2 h4 19. Rhe1
Qe5 20. Qf2 Rc8 21. Nd5 Bd8 22. Nb4 Ba5 {1/2-1/2 Leko,P-Kramnik,V/Frankfurt
rapid 1996/ (35)}) 15. fxe6 fxe6 16. Bg4 Kf7 17. Bh5+ Kg7 18. e5 Rhd8 19. Qg4+
Kh8 20. exd6 Rxd6 21. Rxd6 Bxd6 22. Qxe6 Be5 23. Rd1 Bxc3 24. bxc3 Qxc3 25. Qf5
{Garcia,G-Smirin,I/New York op 1997/1/2-1/2 (73)}) 13. Bxf6 (13. e5 $2 Bxf3 14.
exf6 (14. gxf3 dxe5) 14... gxf6 15. gxf3 Rc4 16. Qa7 fxg5 17. Qxa6 Rxf4 18.
Nxb5 d5 $15) 13... gxf6 (13... Bxf6 14. e5 (14. Qxd6 Qxd6 15. Rxd6 Bxc3 16.
bxc3 Rxc3 17. Rhd1 O-O 18. Rd7 $14) 14... Bxf3 15. gxf3 (15. exf6 Bxd1 16. fxg7
Rg8 17. Ne4 (17. Rxd1 d5 $15) 17... Bxc2 18. Nxd6+ Qxd6 $1 19. Qxd6 Bf5+ 20.
Kd2 Rd8 $19) 15... dxe5 16. Qa7 Qc7 17. Qxa6 O-O $15) 14. f5 Qa5 (14... Rc5 {
Polgar} 15. fxe6 fxe6 16. Kb1 Qc7 17. Rd2 {/\ Nc3-e2-f4/d4}) 15. fxe6 (15. Kb1
$6 b4 16. Ne2 e5 $11) 15... fxe6 (15... b4 16. exf7+ Kxf7 17. Nd5 Qa4 18. Bh5+
Kg7 19. Ne3 $16) 16. Kb1 (16. Bh5+ Kd7 17. e5 b4 18. exd6 Bd8 19. Qg4 Qg5+ 20.
Qxg5 fxg5 $11) 16... Kd7 $2 {Black king belongs to the kingside, this daring
move is a clear provocation.} (16... b4 17. Ne2 O-O 18. Rhf1 $14) (16... Rc4 {
Polgar}) 17. e5 Bxf3 (17... fxe5 18. Qa7 (18. Qxe5 Bxf3 19. gxf3 Rhg8 20. f4
$14) 18... Rb8 19. Bxb7 Qc7 20. Qxa6 (20. Ne4 d5 21. Qxa6 Rxb7 22. Rhf1 Rc8 $14
) 20... Rxb7 21. Rhe1 Rhb8 22. Qa3 $14) 18. exd6 $1 (18. gxf3 Rc4 19. Qe3 fxe5
20. Qxe5 Rg8 21. Rhe1 $14) 18... Bxd1 19. Rxd1 (19. dxe7+ $6 Kxe7 20. Rxd1 Rhd8
$17) 19... Bf8 (19... Rxc3 20. dxe7+ Kxe7 21. Qd7+ Kf8 22. bxc3 $18) (19... Bd8
20. Qa7+ Kc6 (20... Bc7 21. dxc7+ Ke8 22. Qe3 (22. Ne4) 22... e5 23. Ne4 $36)
21. d7 $1 Rc7 22. Qa8+ Rb7 (22... Kb6 23. Rd6+ Kc5 24. Ne4+) (22... Kc5 23.
Ne4+ Kc4 24. a3 b4 25. b3+ Kb5 26. a4+ Kb6 27. Rd6+ Rc6 28. Qb8#) 23. Ne4 Qc7
24. Qxa6+ Rb6 25. Qa8+ Rb7 26. Rd6+ Qxd6 27. Nxd6 Kxd6 28. Qxb7 $18) 20. Qxf6 (
20. Ne4 $142 $1 {Polgar} b4 21. Nxf6+ Kc6 (21... Kd8 22. Ng4 $1 Qf5 23. Ne3 $18
) 22. Qe4+ Kb6 23. Nd7+ Ka7 24. Qd4+ Kb7 25. Qxh8 Qf5 26. Rc1 $16 Bh6 (26...
Bxd6 27. Qd4) 27. Qd4 Qb5 28. Qe4+ Ka7 29. Ne5 Bxc1 30. d7 Rf8 31. Nc6+ Kb6 32.
d8=Q+ Rxd8 33. Nxd8) 20... Bxd6 $6 {Shirov gives up the fight in a sharp
position, the endgame will be quite difficult for him.} (20... b4 21. Qxh8 Qh5
(21... bxc3 22. Qxh7+ Kd8 (22... Kc6 23. Rd3 (23. Qe4+ Kb6 24. d7 Rd8 $13)
23... cxb2 24. Qe4+ Kd7 25. Qh7+ $11) 23. d7 Rb8 24. b3 Qc5 25. Qg6 Qe7 26. Qd3
$16) 22. g4 Qxh2 23. Qf6 (23. Qd4 bxc3 24. Qa7+ Kd8 25. Qb6+ $11) (23. Rf1 Bxd6
24. Qg7+ Kc6 $17) 23... bxc3 24. Qf7+ Kc6 25. Qxe6 $16) 21. Ne4 Qc7 (21... Rc6
22. Qg7+ Kc8 23. Qxh8+ $18) (21... Rcd8 22. Nxd6 Kc7 23. Qe7+ Rd7 24. Ne8+ $18)
22. Rxd6+ (22. Qf7+ Kc6 23. Rxd6+ Qxd6 24. Nxd6 Kxd6 25. Qa7 Ra8 26. Qd4+ Ke7
27. a4 $16) 22... Qxd6 23. Nxd6 Kxd6 (23... Rhf8 24. Nf7 $18) 24. Qd4+ Kc6 (
24... Ke7 25. Qa7+ $18) 25. a4 Rhd8 (25... Rhg8 26. a5 Ra8 27. g3 $16) (25...
bxa4 26. Qxa4+ Kb6 27. Qb3+ Ka7 28. Qxe6 $18) 26. Qa7 Rd1+ (26... Ra8 27. Qxh7
$18) 27. Ka2 bxa4 28. Qxa6+ Kd7 29. Qxa4+ Rc6 (29... Kd6 30. Qf4+ Ke7 31. c4
$18) 30. Qa7+ Kd6 (30... Rc7 31. Qf2 $18) 31. Qf2 Rd5 (31... Ra6+ 32. Kb3 Rd5
33. c4 $18) 32. b3 {White king is safe behind passed pawns.} h5 33. c4 Rf5 34.
Qd4+ Ke7 (34... Kc7 35. b4 $18) 35. Ka3 (35. b4 Rd6 36. Qg7+ Ke8 37. Ka3 $18)
35... Rd6 36. Qg7+ Ke8 (36... Rf7 37. Qg5+ $18) 37. b4 Rf7 (37... Rd3+ 38. Ka4
Rd7 39. Qg6+ Ke7 40. b5 $18) 38. Qh8+ Ke7 39. Qxh5 Ra6+ 40. Kb3 Rf1 (40... Rf1
41. b5 $18) 1-0

[Event "Interpolis-01"]
[Site "Tilburg"]
[Date "1977.10.04"]
[Round "10"]
[White "Timman, Jan H"]
[Black "Hort, Vlastimil"]
[Result "1/2-1/2"]
[WhiteElo "2590"]
[BlackElo "2620"]
[Annotator "Ftacnik,L"]
[PlyCount "47"]
[EventDate "1977.09.23"]
[EventType "tourn"]
[EventRounds "11"]
[EventCountry "NED"]
[EventCategory "14"]
[SourceTitle "MCL"]
[Source "ChessBase"]
[SourceDate "1999.07.01"]
[SourceVersion "1"]
[SourceVersionDate "1999.07.01"]
[SourceQuality "1"]

1. e4 c5 2. Nf3 d6 3. d4 cxd4 4. Nxd4 Nf6 5. Nc3 Nc6 6. Bg5 e6 7. Qd2 a6 8.
O-O-O h6 9. Be3 (9. Bf4) 9... Bd7 10. f4 Qc7 (10... b5 $6 11. Bxb5 axb5 12.
Ndxb5 $14 {Hort}) 11. Kb1 Be7 12. Bd3 Rc8 (12... b5) 13. Rhe1 (13. Qe1 $5 {
/\ Qg3}) 13... Nxd4 (13... O-O $5 $13) 14. Bxd4 e5 15. Bf2 (15. Be3) 15... O-O
16. h3 Bc6 17. g4 exf4 (17... b5 $6 18. g5 Nh5 19. gxh6 Nxf4 20. hxg7 Rfd8 21.
Be3 $40) 18. Qxf4 $14 Nd7 19. h4 Ne5 (19... Bf6 $5) 20. g5 h5 21. Bd4 b5 (21...
Rfe8 $6 22. Bxe5 dxe5 23. Qf3 g6 24. Bc4 $16 {Hort}) 22. Rc1 Rfe8 $10 (22...
Rce8 {/\ Bd8}) 23. Nd5 Bxd5 24. exd5 (24. exd5 Bf8 $13) 1/2-1/2

[Event "Jakarta zt"]
[Site "Jakarta"]
[Date "1993.??.??"]
[Round "2"]
[White "Yang, Xian"]
[Black "Johansen, Darryl Keith"]
[Result "0-1"]
[WhiteElo "2415"]
[BlackElo "2500"]
[Annotator "Ftacnik,L"]
[PlyCount "78"]
[EventDate "1993.01.??"]
[EventType "swiss"]
[EventRounds "11"]
[EventCountry "INA"]
[SourceTitle "CBM 035"]
[Source "ChessBase"]
[SourceDate "1993.08.01"]
[SourceVersion "1"]
[SourceVersionDate "1993.08.01"]
[SourceQuality "1"]

1. e4 c5 2. Nf3 Nc6 3. d4 cxd4 4. Nxd4 Nf6 5. Nc3 d6 6. Bg5 e6 7. Qd2 a6 8.
O-O-O h6 9. Bf4 Bd7 (9... e5 $2 10. Nxc6 bxc6 11. Bxe5 $18) 10. Nxc6 Bxc6 11.
f3 d5 12. Qe1 Bb4 13. a3 Ba5 14. e5 Bc7 15. Bd2 Nd7 16. f4 Nc5 17. Be3 Qe7 18.
Ne2 $6 Bb5 $1 19. Nd4 Bxf1 20. Rxf1 Ne4 21. Qe2 O-O 22. Qg4 Kh8 23. Qh3 Rac8
24. g4 Bb6 25. Kb1 Rc4 26. g5 Rfc8 27. gxh6 g6 28. f5 exf5 29. Nxf5 Qe6 30.
Bxb6 Nc3+ $3 31. bxc3 Qxb6+ 32. Kc1 (32. Ka1 $1) 32... Rxc3 33. Ne3 R8c7 $1 (
33... Qxe3+ 34. Qxe3 Rxe3 35. Rxf7 $13) 34. Rf3 d4 35. e6 (35. Qh4 Qc6 $1 (
35... dxe3 36. Qd8+ Kh7 37. Rxf7+ Rxf7 38. Qxb6) 36. Qd8+ Kh7 37. Nd5 Rxc2+ 38.
Kb1 Rc1+ 39. Rxc1 Qxc1+ 40. Ka2 Rc2+ 41. Kb3 Qb1+ 42. Ka4 Qb5#) 35... f5 $4 (
35... dxe3 36. exf7 Rxc2#) 36. Qh4 Qb3 (36... dxe3 37. Qd8+ Kh7 38. Rd7+ Rxd7 (
38... Kxh6 39. Qh4#) 39. Qxb6) 37. Rd2 (37. Qxd4+) 37... dxe3 $2 (37... Qxa3+
38. Kd1) 38. Rxe3 $4 (38. Qd8+ Kh7 39. Rd7+ Rxd7 40. Qxd7+ Kxh6 41. Rh3+ Kg5
42. Qd8+ Kf4 43. Qd4+ Kg5 44. Qh4#) 38... Rxc2+ 39. Kd1 Rxd2+ (39... Rxd2+ 40.
Kxd2 Rc2+ 41. Ke1 Qb1#) 0-1